[Event "ESP-ch 85th"]
[Site "Linares"]
[Date "2020.09.01"]
[Round "2"]
[White "Vega Gutierrez, Sabrina Neide"]
[Black "Roldan Ortiz, Antonio Jose"]
[Result "1-0"]
[WhiteElo "2380"]
[BlackElo "1872"]
[PlyCount "69"]
[EventDate "2020.08.31"]
[EventType "swiss"]
[EventRounds "9"]
[EventCountry "ESP"]
[SourceTitle "EXT 2021"]
[Source "ChessBase"]
[SourceDate "2020.10.23"]
[SourceVersion "1"]
[SourceVersionDate "2020.10.23"]
[SourceQuality "1"]

1. e4 e6 2. d4 d5 3. e5 c5 4. Qg4 Nc6 5. Nf3 Qc7 6. Bd3 cxd4 7. 0-0 f5 8. Qg3 Nge7 9. Re1 Bd7 10. a3 Ng6 11. h4 Bc5 12. b4 Bb6 13. h5 Nge7 14. b5 Nd8 15. Qxg7 Rg8 16. Qf6 Nf7 17. Ng5 Nxg5 18. Bxg5 Bc5 19. Nd2 0-0-0 20. Nb3 Rdf8 21. Qh6 Rh8 22. Nxc5 Qxc5 23. Bd2 Qc7 24. c3 b6 25. cxd4 Kb7 26. Rec1 Qd8 27. a4 Nc8 28. Bg5 Qe8 29. Bf6 Rhg8 30. Be2 Qf7 31. Rc3 Ne7 32. a5 Rc8 33. Qc1 Rxc3 34. Qxc3 Rc8 35. Qa3 1-0

[Event "SC-2018-0-00365"]
[Site "LSS email"]
[Date "2018.12.07"]
[Round "?"]
[White "Pandey, Manoj"]
[Black "Roldan Ortiz, Antonio Jose"]
[Result "1-0"]
[WhiteElo "2138"]
[BlackElo "1663"]
[PlyCount "49"]
[EventDate "2018.10.26"]
[EventType "tourn (corr)"]
[EventRounds "6"]
[EventCountry "GER"]
[SourceTitle "Corr 2022"]
[Source "ChessBase"]
[SourceDate "2021.10.24"]
[SourceVersion "1"]
[SourceVersionDate "2021.10.24"]
[SourceQuality "1"]

1. e4 e5 2. Nf3 Nc6 3. Nc3 Nf6 4. Bb5 Bb4 5. 0-0 0-0 6. d3 d6 7. Bg5 Ne7 8. Bxf6 gxf6 9. Nh4 c6 10. Bc4 d5 11. Bb3 a5 12. a4 Ng6 13. Qh5 Nf4 14. Qf3 Be6 15. g3 Nh3+ 16. Kh1 Ng5 17. Qh5 Bxc3 18. bxc3 dxe4 19. dxe4 Bh3 20. Nf5 Qd2 21. Rad1 Qxc3 22. f4 exf4 23. gxf4 Bxf1 24. fxg5 Kh8 25. Rxf1 1-0

[Event "CP-2018-P-00034"]
[Site "LSS email"]
[Date "2018.09.27"]
[Round "?"]
[White "Roldan Ortiz, Antonio Jose"]
[Black "Feng, Jason"]
[Result "1-0"]
[WhiteElo "1670"]
[BlackElo "1028"]
[PlyCount "65"]
[EventDate "2018.10.01"]
[EventType "tourn (corr)"]
[EventRounds "6"]
[EventCountry "GER"]
[SourceTitle "Corr 2022"]
[Source "ChessBase"]
[SourceDate "2021.10.24"]
[SourceVersion "1"]
[SourceVersionDate "2021.10.24"]
[SourceQuality "1"]

1. e4 e5 2. Nf3 Nc6 3. Bb5 Nf6 4. 0-0 Nxe4 5. d4 Nd6 6. Bxc6 dxc6 7. dxe5 Nf5 8. Qxd8+ Kxd8 9. Nc3 h6 10. h3 Be6 11. g4 Ne7 12. Nd4 Bd7 13. f4 h5 14. f5 hxg4 15. hxg4 Nd5 16. Bg5+ Be7 17. Bxe7+ Kxe7 18. Nxd5+ cxd5 19. e6 fxe6 20. fxe6 Be8 21. Nf5+ Kxe6 22. Rae1+ Kd7 23. Re7+ Kc6 24. Nxg7 Kb6 25. Nxe8 Raxe8 26. Rf6+ c6 27. Rxe8 Rxe8 28. Kf2 Rh8 29. Kg3 Rh7 30. g5 Kc5 31. g6 Rg7 32. Kg4 Kd4 33. Kf5 1-0

[Event "SC-2018-0-00359"]
[Site "LSS email"]
[Date "2018.09.26"]
[Round "?"]
[White "Lipsits, Sasha"]
[Black "Roldan Ortiz, Antonio Jose"]
[Result "1/2-1/2"]
[WhiteElo "1694"]
[BlackElo "1714"]
[PlyCount "85"]
[EventDate "2018.06.30"]
[EventType "tourn (corr)"]
[EventRounds "6"]
[EventCountry "GER"]
[SourceTitle "Corr 2022"]
[Source "ChessBase"]
[SourceDate "2021.10.24"]
[SourceVersion "1"]
[SourceVersionDate "2021.10.24"]
[SourceQuality "1"]

1. e4 c6 2. d4 d5 3. Nc3 dxe4 4. Nxe4 Bf5 5. Ng3 Bg6 6. Nf3 Nd7 7. h4 h6 8. h5 Bh7 9. Bd3 Bxd3 10. Qxd3 e6 11. Bf4 Qa5+ 12. c3 Ngf6 13. Ne5 Nxe5 14. Bxe5 0-0-0 15. Qf3 Qd5 16. Qxd5 Rxd5 17. Ne2 Be7 18. Nf4 Ra5 19. Nd3 Rg8 20. a3 Rd5 21. Ke2 Ng4 22. Rad1 Nxe5 23. Nxe5 Rf8 24. f4 Bd6 25. Nd3 f6 26. Rdf1 b6 27. Rf3 Re8 28. Re3 c5 29. dxc5 Bxc5 30. Re4 Bd6 31. g4 Kd7 32. Rd1 Rc8 33. a4 a6 34. c4 f5 35. gxf5 Rxf5 36. Ne5+ Kc7 37. Rg1 Rg8 38. Rg6 Bxe5 39. Rxe5 Rxf4 40. Rexe6 Rxc4 41. Re7+ Kc8 42. Kd3 Rxa4 43. Rc6+ 1/2-1/2

[Event "ZI-2018-0-02493"]
[Site "LSS email"]
[Date "2018.09.14"]
[Round "?"]
[White "Vodicka, Milan"]
[Black "Roldan Ortiz, Antonio Jose"]
[Result "1/2-1/2"]
[WhiteElo "2014"]
[BlackElo "1679"]
[PlyCount "55"]
[EventDate "2018.09.06"]
[EventType "match (corr)"]
[EventRounds "2"]
[EventCountry "GER"]
[SourceTitle "Corr 2022"]
[Source "ChessBase"]
[SourceDate "2021.10.24"]
[SourceVersion "1"]
[SourceVersionDate "2021.10.24"]
[SourceQuality "1"]

1. d4 Nf6 2. c4 g6 3. Nf3 Bg7 4. Nc3 0-0 5. e4 d6 6. Be2 e5 7. 0-0 Nc6 8. d5 Ne7 9. b4 Nh5 10. Re1 f5 11. a4 Nf6 12. a5 Bd7 13. a6 b6 14. Bd3 f4 15. c5 Bh6 16. h3 g5 17. c6 Bc8 18. Nh2 Bg7 19. Be2 Ng6 20. Kh1 Nh4 21. Rg1 Qe7 22. Bd2 Qf7 23. b5 Qg6 24. f3 h5 25. Be1 Qh6 26. Bxh4 gxh4 27. Nf1 Kh7 28. Qe1 1/2-1/2

[Event "RC-2018-0-00222"]
[Site "LSS email"]
[Date "2018.09.06"]
[Round "?"]
[White "Roldan Ortiz, Antonio Jose"]
[Black "Owens, Johnny"]
[Result "0-1"]
[WhiteElo "1968"]
[BlackElo "1416"]
[PlyCount "124"]
[EventDate "2018.03.03"]
[EventType "tourn (corr)"]
[EventRounds "6"]
[EventCountry "GER"]
[SourceTitle "Corr 2022"]
[Source "ChessBase"]
[SourceDate "2021.10.24"]
[SourceVersion "1"]
[SourceVersionDate "2021.10.24"]
[SourceQuality "1"]

1. Nf3 c5 2. e4 d6 3. c3 Nf6 4. Be2 e6 5. 0-0 Be7 6. Re1 0-0 7. Bf1 Nc6 8. d4 cxd4 9. cxd4 a6 10. Nc3 b5 11. Bd3 Bb7 12. a3 Rc8 13. Bg5 Na5 14. Rc1 h6 15. Bh4 Qd7 16. e5 Nd5 17. Bxe7 Nxc3 18. Rxc3 Qxe7 19. Qc2 Rxc3 20. Qxc3 Bxf3 21. Qxa5 Bb7 22. a4 bxa4 23. Qxa4 Qc7 24. Qb4 Rd8 25. Qc3 Qb6 26. Rc1 dxe5 27. dxe5 Rd4 28. h3 g5 29. Bf1 Rb4 30. Rc2 a5 31. Qc5 Rxb2 32. Qxb6 Rxb6 33. Ra2 Bd5 34. Rxa5 Rb1 35. Ra4 Re1 36. f3 Rxe5 37. Kf2 Bc6 38. Rd4 Kg7 39. h4 Ra5 40. hxg5 hxg5 41. Rb4 Ra2+ 42. Kg3 Rd2 43. Rg4 Kg6 44. Rc4 Bd5 45. Rc2 Rd4 46. Bb5 f5 47. Kf2 g4 48. Be2 gxf3 49. gxf3 Ra4 50. Rb2 Kf6 51. Kg3 Kg5 52. Rd2 f4+ 53. Kf2 Ra8 54. Bd3 Ra3 55. Be2 Kf5 56. Bd3+ Ke5 57. Be2 Ra1 58. Rb2 Rh1 59. Rd2 Rh3 60. Kg2 Rh5 61. Rd1 Rh6 62. Rd2 Rg6+ 0-1

[Event "RC-2018-0-00222"]
[Site "LSS email"]
[Date "2018.09.01"]
[Round "?"]
[White "Malmstrom, Jan"]
[Black "Roldan Ortiz, Antonio Jose"]
[Result "1-0"]
[WhiteElo "1744"]
[BlackElo "1968"]
[PlyCount "85"]
[EventDate "2018.03.03"]
[EventType "tourn (corr)"]
[EventRounds "6"]
[EventCountry "GER"]
[SourceTitle "Corr 2022"]
[Source "ChessBase"]
[SourceDate "2021.10.24"]
[SourceVersion "1"]
[SourceVersionDate "2021.10.24"]
[SourceQuality "1"]

1. d4 Nf6 2. c4 g6 3. Nc3 Bg7 4. e4 d6 5. Nf3 0-0 6. Be2 e5 7. 0-0 Nc6 8. d5 Ne7 9. b4 Nh5 10. Re1 f5 11. Ng5 Nf6 12. f3 c6 13. Rb1 h6 14. Ne6 Bxe6 15. dxe6 Ne8 16. b5 c5 17. exf5 gxf5 18. Be3 Nc7 19. Qd2 Nxe6 20. Rbd1 f4 21. Bf2 Nd4 22. Bd3 Bf6 23. Be4 Qd7 24. Kh1 Kh8 25. g4 Rab8 26. Qd3 Qe6 27. Rg1 Rg8 28. Nd5 Qf7 29. Qa3 Nc8 30. Rd2 Rg7 31. h4 Bd8 32. Bxd4 cxd4 33. Rdg2 Bxh4 34. Rh2 Bg5 35. Rgg2 Kg8 36. Rh5 Qf8 37. Rgh2 Rf7 38. Rxg5+ hxg5 39. Qd3 Qg7 40. Rh7 Qxh7+ 41. Bxh7+ Rxh7+ 42. Kg2 Rg7 43. Qf5 1-0

[Event "SC-2018-0-00356"]
[Site "LSS email"]
[Date "2018.08.17"]
[Round "?"]
[White "Dlugolecki, Grzegorz"]
[Black "Roldan Ortiz, Antonio Jose"]
[Result "1/2-1/2"]
[WhiteElo "1748"]
[BlackElo "1737"]
[PlyCount "43"]
[EventDate "2018.05.29"]
[EventType "tourn (corr)"]
[EventRounds "6"]
[EventCountry "GER"]
[SourceTitle "Corr 2022"]
[Source "ChessBase"]
[SourceDate "2021.10.24"]
[SourceVersion "1"]
[SourceVersionDate "2021.10.24"]
[SourceQuality "1"]

1. e4 e5 2. Nf3 Nc6 3. Bb5 a6 4. Ba4 Nf6 5. 0-0 Be7 6. Re1 b5 7. Bb3 0-0 8. c3 d5 9. exd5 Nxd5 10. d4 exd4 11. cxd4 Bg4 12. h3 Bxf3 13. Qxf3 Ndb4 14. Be3 Na5 15. Qd1 Nxb3 16. Qxb3 Qd5 17. Qxd5 Nxd5 18. Nc3 Rad8 19. a4 Nxe3 20. Rxe3 Bf6 21. axb5 axb5 22. Nxb5 1/2-1/2

[Event "SB-2018-0-00520"]
[Site "LSS email"]
[Date "2018.01.10"]
[Round "?"]
[White "Csernus, Robert"]
[Black "Roldan Ortiz, Antonio Jose"]
[Result "1-0"]
[WhiteElo "1881"]
[BlackElo "1968"]
[PlyCount "61"]
[EventDate "2017.11.03"]
[EventType "tourn (corr)"]
[EventRounds "6"]
[EventCountry "GER"]
[SourceTitle "Corr 2022"]
[Source "ChessBase"]
[SourceDate "2021.10.24"]
[SourceVersion "1"]
[SourceVersionDate "2021.10.24"]
[SourceQuality "1"]

1. Nf3 f5 2. g3 Nf6 3. Bg2 g6 4. b4 Bg7 5. Bb2 0-0 6. c4 d6 7. d4 c6 8. 0-0 Na6 9. Qb3 Nc7 10. a4 h6 11. Nbd2 Qe8 12. b5 Bd7 13. e3 Qf7 14. Ne1 Rab8 15. Nd3 Kh7 16. Rac1 Rfc8 17. Rfe1 Kh8 18. f3 g5 19. e4 fxe4 20. fxe4 Nh5 21. e5 Bf5 22. Rf1 Qg6 23. Rxf5 Qxf5 24. Be4 Qh3 25. Nf2 Qe6 26. d5 cxd5 27. cxd5 Qf7 28. Ng4 e6 29. Rf1 Qd7 30. Bb1 Rf8 31. Qd3 1-0

[Event "SB-2018-0-00520"]
[Site "LSS email"]
[Date "2018.01.10"]
[Round "?"]
[White "Michos, Dionysis"]
[Black "Roldan Ortiz, Antonio Jose"]
[Result "1/2-1/2"]
[WhiteElo "1896"]
[BlackElo "1968"]
[PlyCount "66"]
[EventDate "2017.11.03"]
[EventType "tourn (corr)"]
[EventRounds "6"]
[EventCountry "GER"]
[SourceTitle "Corr 2022"]
[Source "ChessBase"]
[SourceDate "2021.10.24"]
[SourceVersion "1"]
[SourceVersionDate "2021.10.24"]
[SourceQuality "1"]

1. e4 e6 2. d3 d5 3. Nd2 Nf6 4. g3 c5 5. Ngf3 Nc6 6. Bg2 Be7 7. 0-0 0-0 8. Re1 b5 9. exd5 Nxd5 10. a4 b4 11. Nc4 Bb7 12. Nfe5 Bf6 13. Nxc6 Bxc6 14. Qh5 Rc8 15. Be4 g6 16. Qe2 Bg7 17. Bg2 Nb6 18. Bxc6 Rxc6 19. Ne5 Rc8 20. b3 Qd4 21. Rb1 Nd5 22. Bb2 Nc3 23. Bxc3 Qxc3 24. Nc4 Rfd8 25. f4 Qd4+ 26. Qf2 Qxf2+ 27. Kxf2 Bd4+ 28. Kf3 Kg7 29. g4 Rd5 30. Re2 Rh8 31. Kg3 h5 32. g5 Rhd8 33. h4 R5d7 1/2-1/2

[Event "SB-2018-0-00520"]
[Site "LSS email"]
[Date "2018.01.10"]
[Round "?"]
[White "Roldan Ortiz, Antonio Jose"]
[Black "Habes, Jiri"]
[Result "0-1"]
[WhiteElo "1968"]
[BlackElo "1954"]
[PlyCount "104"]
[EventDate "2017.11.03"]
[EventType "tourn (corr)"]
[EventRounds "6"]
[EventCountry "GER"]
[SourceTitle "Corr 2022"]
[Source "ChessBase"]
[SourceDate "2021.10.24"]
[SourceVersion "1"]
[SourceVersionDate "2021.10.24"]
[SourceQuality "1"]

1. d4 d5 2. c4 e6 3. Nc3 Nf6 4. cxd5 exd5 5. Bg5 c6 6. e3 h6 7. Bh4 Bd6 8. Bd3 0-0 9. Qc2 Re8 10. Nge2 Nbd7 11. h3 b6 12. 0-0 Bb7 13. Bg3 Qe7 14. Rac1 Bxg3 15. Nxg3 a5 16. Nf5 Qf8 17. Rfe1 g6 18. Nh4 Qe7 19. a3 Ne4 20. Nf3 f5 21. Rb1 Rec8 22. b4 axb4 23. axb4 Kh7 24. Qb3 b5 25. Ra1 Rf8 26. Ne2 Ng5 27. Nh2 Nb6 28. Nf4 Ne4 29. Nf3 Nc4 30. h4 g5 31. hxg5 hxg5 32. Ne2 Kg7 33. Bxc4 bxc4 34. Qb2 g4 35. Ne5 Qh4 36. Ng3 Nxg3 37. fxg3 Qxg3 38. Qf2 Qxf2+ 39. Kxf2 Rxa1 40. Rxa1 Ra8 41. Rxa8 Bxa8 42. Ke2 Bb7 43. Nd7 Kg6 44. Ne5+ Kf6 45. Nd7+ Ke7 46. Nc5 Bc8 47. Na4 Kd6 48. Nc5 Kc7 49. Kd2 Bd7 50. Kc3 g3 51. Kd2 f4 52. exf4 Bh3 0-1

[Event "ZI-2018-0-02384"]
[Site "LSS email"]
[Date "2018.01.02"]
[Round "?"]
[White "Roldan Ortiz, Antonio Jose"]
[Black "Krol, Wladyslaw"]
[Result "0-1"]
[WhiteElo "1968"]
[BlackElo "1805"]
[PlyCount "92"]
[EventDate "2017.12.27"]
[EventType "match (corr)"]
[EventRounds "2"]
[EventCountry "GER"]
[SourceTitle "Corr 2022"]
[Source "ChessBase"]
[SourceDate "2021.10.24"]
[SourceVersion "1"]
[SourceVersionDate "2021.10.24"]
[SourceQuality "1"]

1. e4 e5 2. Nf3 Nc6 3. Nc3 Nf6 4. d4 exd4 5. Nd5 Nxe4 6. Qe2 f5 7. Ng5 d3 8. cxd3 Nd4 9. Qh5+ g6 10. Qh4 c6 11. dxe4 cxd5 12. exd5 Qa5+ 13. Bd2 Qa4 14. Qg3 f4 15. Qc3 Bg7 16. Bd3 Ne6 17. dxe6 Bxc3 18. Bxc3 0-0 19. exd7 Bxd7 20. b3 Rfe8+ 21. Kd2 Qa3 22. Bc4+ Kf8 23. Nxh7+ Ke7 24. Nf6 Rad8 25. Rhe1+ Be6+ 26. Kc2 Kf7 27. Nxe8 Bxc4 28. bxc4 Qa4+ 29. Kb2 Rxe8 30. Rxe8 Qxe8 31. Re1 Qc6 32. f3 Qb6+ 33. Ka3 Qc5+ 34. Bb4 Qxc4 35. Re7+ Kg8 36. Re8+ Kg7 37. Re7+ Kh6 38. Re4 Qc2 39. g3 g5 40. gxf4 gxf4 41. Re6+ Kh7 42. Re7+ Kg6 43. Re6+ Kf5 44. Rd6 Qc1+ 45. Kb3 Qe3+ 46. Bc3 Qxf3 0-1

[Event "OP-2017-0-04494"]
[Site "LSS email"]
[Date "2017.12.17"]
[Round "?"]
[White "Ederer, Karel"]
[Black "Roldan Ortiz, Antonio Jose"]
[Result "1-0"]
[WhiteElo "1893"]
[BlackElo "1968"]
[PlyCount "51"]
[EventDate "2017.12.09"]
[EventType "tourn (corr)"]
[EventRounds "4"]
[EventCountry "GER"]
[SourceTitle "Corr 2022"]
[Source "ChessBase"]
[SourceDate "2021.10.24"]
[SourceVersion "1"]
[SourceVersionDate "2021.10.24"]
[SourceQuality "1"]

1. d4 Nf6 2. c4 e5 3. dxe5 Ng4 4. Bf4 Nc6 5. Nf3 Bb4+ 6. Nc3 Qe7 7. Qb3 Na5 8. Qc2 Nxc4 9. a3 Ba5 10. b4 Bb6 11. e3 Ncxe5 12. Nd5 Qe6 13. Nxe5 Nxe5 14. Nxc7+ Bxc7 15. Qxc7 f6 16. Be2 0-0 17. 0-0 d5 18. Rfd1 b6 19. Bxe5 fxe5 20. Rxd5 Qf6 21. Rf1 e4 22. Rd6 Qh4 23. g3 Qh3 24. f3 Bf5 25. fxe4 Rac8 26. Qb7 1-0

[Event "OP-2017-0-04491"]
[Site "LSS email"]
[Date "2017.12.12"]
[Round "?"]
[White "Lauer, Frederic"]
[Black "Roldan Ortiz, Antonio Jose"]
[Result "0-1"]
[WhiteElo "1219"]
[BlackElo "1968"]
[PlyCount "44"]
[EventDate "2017.12.04"]
[EventType "tourn (corr)"]
[EventRounds "4"]
[EventCountry "GER"]
[SourceTitle "Corr 2022"]
[Source "ChessBase"]
[SourceDate "2021.10.24"]
[SourceVersion "1"]
[SourceVersionDate "2021.10.24"]
[SourceQuality "1"]

1. b3 Nf6 2. Bb2 d5 3. Nf3 Bf5 4. e3 e6 5. c4 c6 6. Nc3 Nbd7 7. d4 Bd6 8. Be2 0-0 9. 0-0 h6 10. Rc1 Re8 11. h3 Rc8 12. cxd5 exd5 13. Bd3 Ne4 14. Bxe4 dxe4 15. Nd2 Nf6 16. Nc4 Bb8 17. Qe2 Qc7 18. Ne5 Rxe5 19. dxe5 Qxe5 20. g3 Bxh3 21. Rfe1 Bg4 22. Qc2 Bf3 0-1

[Event "IECC KO-3081"]
[Site "IECC email"]
[Date "2011.06.28"]
[Round "?"]
[White "Smith, Kevin"]
[Black "Roldan Ortiz, Antonio Jose"]
[Result "0-1"]
[WhiteElo "1696"]
[BlackElo "1901"]
[PlyCount "40"]
[EventDate "2011.??.??"]
[EventType "match (corr)"]
[EventRounds "2"]
[SourceTitle "Telechess CBM 149"]
[Source "ChessBase"]
[SourceDate "2012.07.17"]
[SourceVersion "1"]
[SourceVersionDate "2012.07.17"]
[SourceQuality "1"]
[WhiteTeam "Canada"]
[BlackTeam "Spain"]
[WhiteTeamCountry "CAN"]
[BlackTeamCountry "ESP"]

1. d4 Nf6 2. c4 c5 3. d5 b5 4. b3 g6 5. Qc2 d6 6. e4 Nxe4 7. Bb2 Qa5+ 8. Nd2 Bh6 9. Ngf3 Bf5 10. Bd3 Nxd2 11. Nxd2 Bxd3 12. Qxd3 bxc4 13. bxc4 0-0 14. Qc3 Qxc3 15. Bxc3 Nd7 16. Ke2 Bxd2 17. Bxd2 Rab8 18. Bc3 Nb6 19. Kd3 e5 20. dxe6 fxe6 0-1